header

The transformation of Ireland, 1900-2000 (Record no. 133598)

MARC details
000 -LEADER
fixed length control field 01242nam a2200325Ia 4500
100 1# - MAIN ENTRY--AUTHOR NAME
Personal name Ferriter, Diarmaid,
245 14 - TITLE STATEMENT
Title The transformation of Ireland, 1900-2000
250 ## - EDITION STATEMENT
Edition statement Pbk ed.
260 ## - PUBLICATION, DISTRIBUTION, ETC. (IMPRINT)
Place of publication London :
Name of publisher Profile,
Year of publication 2005.
300 ## - PHYSICAL DESCRIPTION
Number of Pages xi, 896 p.
500 ## - GENERAL NOTE
General note Originally published: 2004.
650 #0 - SUBJECT ADDED ENTRY--TOPICAL TERM
Topical Term Social change
856 40 - ELECTRONIC LOCATION AND ACCESS
Uniform Resource Identifier http://site.ebrary.com/lib/rucke/Doc?id=10437741

No items available.

© 2026 Rongo University
Contact us: librarian | system librarian | Rongo university